Curso de contabilidad (Registro nro. 1668)
[ vista simple ]
| 000 -LEADER | |
|---|---|
| fixed length control field | 01591 a2200217 4500 |
| 001 - CONTROL NUMBER | |
| control field | 28194 |
| 005 - DATE AND TIME OF LATEST TRANSACTION | |
| control field | 20260407155554.0 |
| 008 - FIXED-LENGTH DATA ELEMENTS--GENERAL INFORMATION | |
| fixed length control field | 260407a1943 arg spa d |
| 003 - CONTROL NUMBER IDENTIFIER | |
| control field | AR-UNSa-BCEJYS |
| 040 ## - CATALOGING SOURCE | |
| Original cataloging agency | AR-UNSa-BCEJYS |
| Language of cataloging | spa |
| Transcribing agency | AR-UNSa-BCEJYS |
| 080 ## - UNIVERSAL DECIMAL CLASSIFICATION NUMBER | |
| Universal Decimal Classification number | 657 |
| Common auxiliary subdivision | Contabilidad |
| 041 ## - LANGUAGE CODE | |
| Language code of text/sound track or separate title | spa |
| 100 1# - MAIN ENTRY--PERSONAL NAME | |
| Personal name | Fernández Cepero, Manuel de J. |
| 245 10 - TITLE STATEMENT | |
| Title | Curso de contabilidad |
| Name of part/section of a work | Intermedia |
| 264 #1 - PRODUCTION, PUBLICATION, DISTRIBUTION, MANUFACTURE, AND COPYRIGHT NOTICE | |
| Place of production, publication, distribution, manufacture | México : |
| Name of producer, publisher, distributor, manufacturer | Unión Tipográfica Editorial Hispano-Americana (UTEHA) |
| Date of production, publication, distribution, manufacture, or copyright notice | 1943 |
| 300 ## - PHYSICAL DESCRIPTION | |
| Extent | 3 v. (576; 232; 442 p.) |
| Dimensions | 23 cm. |
| 505 ## - FORMATTED CONTENTS NOTE | |
| Formatted contents note | Vol. IV: 1. Procesos fundamentales de la contabilidad - 2. Borradores - 3. Estados - 4. Sociedades anónimas - 5. Sociedades anónimas - 6. Sociedades anónimas - 7. Sociedades anónimas - 8. Matemáticas finacieras - 9.Matemáticas finacieras - 10. Efectivo.Cuentas a cobrar.Vencimiento promedio - 11. Efectos a cobrar.Intereses simple - 12. Inventarios - 13. Consiganciones - 14. Ventas a plazos - 15. Ventas fijo tangible - 16.Ventas fijo tangible - 17. Ventas fijo tangible - 18. Ventas fijo tangible - 19. Inversiones - 20. Inversiones - 21. Pasivo - 22. Fondos y reservas - 23. Fondos y reservas - 24. Rectificación - 25. Estados comparativos - 26. El análisis del capital circulante - 27. Proporciones varias - 28. Análisis de las ganancias y perdidas - 29.Estado de aplicación de fondos - 30.Estado de aplicación de fondos - Vol.V: Materias de practica, preguntas y problemas - Vol. VI: Respuestas a las preguntas y soluciones de los problemas |
| 590 ## - LOCAL NOTE (RLIN) | |
| Local note | niveau_biblio:m niveau_hierar:0 |
| 700 1# - ADDED ENTRY--PERSONAL NAME | |
| Personal name | Finney, H.A. |
| 942 ## - ADDED ENTRY ELEMENTS (KOHA) | |
| Koha item type | |
| Withdrawn status | Lost status | Damaged status | Not for loan | Home library | Current library | Shelving location | Date acquired | Total checkouts | Full call number | Barcode | Date last seen | Price effective from | Koha item type |
|---|---|---|---|---|---|---|---|---|---|---|---|---|---|
| Biblioteca Prof. Eusebio Cleto del Rey | Biblioteca Prof. Eusebio Cleto del Rey | 07/04/2026 | 657 B582 v.4 | L20065 | 07/04/2026 | 07/04/2026 | Libro | ||||||
| Biblioteca Prof. Eusebio Cleto del Rey | Biblioteca Prof. Eusebio Cleto del Rey | 07/04/2026 | 657 B582 v.5 | L20066 | 07/04/2026 | 07/04/2026 | Libro | ||||||
| Biblioteca Prof. Eusebio Cleto del Rey | Biblioteca Prof. Eusebio Cleto del Rey | 07/04/2026 | 657 B582 v.6 | L20067 | 07/04/2026 | 07/04/2026 | Libro |